Politické strany a financie-tajomstvo alebo dôvera?

Gespeichert in:
Bibliographische Detailangaben
1. Verfasser: Sičáková-Beblavá, Emília
Weitere Verfasser: Zemanovičová, Daniela
Format: Buch
Sprache:Slowakisch
Veröffentlicht: Bratislava Róbert Vico 2002
Schlagworte:
Tags: Tag hinzufügen
Keine Tags, Fügen Sie das erste Tag hinzu!

MARC

LEADER 00000nam$a2200000$$$4500
001 0000706
005 20240318115337.0
020 |a 80-89041-62-0 
041 0 |a slo 
044 |a SK 
245 1 0 |a Politické strany a financie-tajomstvo alebo dôvera?  |c Emília Sičáková-Beblavá, Daniela Zemanovičová 
264 1 |a Bratislava  |b Róbert Vico  |c 2002 
300 |a 52 s. 
610 2 0 |a strany politické 
610 2 0 |a financovanie 
610 2 0 |a zdroje finančné 
610 2 0 |a svet 
610 2 0 |a Slovensko 
100 1 |a Sičáková-Beblavá, Emília 
700 1 |a Zemanovičová, Daniela